00577ntaaa2200193 45000030003000000050017000030080021000200400037000410820018000781000050000962450065001462500010002112600040002213000011002616500025002727000024002977000041003217000021003620120251027202507.00714s1973 ag 01  aAR-BaBNbspacAR-BaBNeaacrdRIC a220.7000 L45e aSpence-Jones, Henry Donald Maurice (1836- )  aThe epistles to Titus, Philemon, the Hebrews and . . . James a1 ed. aLGrand Rapids : bZondervan, c1957 a304 p. aBiblia - N.T. - Tito aBarry, A.(1826- )  aMulton, William Fiddinan(1853-1898)  aPunchard, E. G.